000 00377nam a2200133Ia 4500
005 20260328101453.0
008 260328s9999||||xx |||||||||||||| ||und||
100 _aAgraz, Ricardo
245 0 _a20 Obras :
_b Arquitectura Contemporánea Mexicana /
_cRicardo Agraz
260 _bSecretaría de Cultura, Jalisco
300 _a127 p.
650 _aARQUITECTURA REGIONAL
942 _cBK
999 _c8746
_d8746